Statistics for Monarchies of Europe

Click here to take the quiz!

General Stats

  • This quiz has been taken 20,311 times
  • The average score is 10 of 12

Answer Stats

Country % Correct
United Kingdom
98%
Sweden
94%
Spain
92%
Norway
91%
Denmark
89%
Netherlands
86%
Belgium
85%
Monaco
82%
Luxembourg
79%
Andorra
78%
Liechtenstein
76%
Vatican City
71%

Score Distribution

Percentile by Number Answered

Percent of People with Each Score

Your Score History

You have not taken this quiz